<?xml version="1.0" encoding="UTF-8"?>
<record
    xmlns:xsi="http://www.w3.org/2001/XMLSchema-instance"
    xsi:schemaLocation="http://www.loc.gov/MARC21/slim http://www.loc.gov/standards/marcxml/schema/MARC21slim.xsd"
    xmlns="http://www.loc.gov/MARC21/slim">

  <leader>02251nam a22001577a 4500</leader>
  <datafield tag="082" ind1=" " ind2=" ">
    <subfield code="a">621</subfield>
  </datafield>
  <datafield tag="100" ind1=" " ind2=" ">
    <subfield code="a">Ramzan, Muhammad </subfield>
    <subfield code="9">22939</subfield>
  </datafield>
  <datafield tag="245" ind1=" " ind2=" ">
    <subfield code="a">The effect of flexibly mounted piezoelectric eel on energy harvesting in the wake of a circular cylinder /</subfield>
    <subfield code="c">Muhammad Ramzan</subfield>
  </datafield>
  <datafield tag="264" ind1=" " ind2=" ">
    <subfield code="a">Islamabad : </subfield>
    <subfield code="b">SMME- NUST; </subfield>
    <subfield code="c">2022.</subfield>
  </datafield>
  <datafield tag="300" ind1=" " ind2=" ">
    <subfield code="a">61p.</subfield>
    <subfield code="b">Soft Copy</subfield>
    <subfield code="c">30cm</subfield>
  </datafield>
  <datafield tag="500" ind1=" " ind2=" ">
    <subfield code="a">The current method of producing energy from non-renewable sources may soon come to an
end due to the ever-increasing demand for fossil fuels and the implications of escalating
global warming. For microelectromechanical systems that only need a few watts of power to
operate, an energy harvesting method based on wake flow energy is suggested. When a
piezoelectric flag is employed as a cantilever beam and positioned in the wake of a bluff
body, the strain exerted in the eel and the electrical voltage generated are ample to operate
underwater sensors. The goal of this research is to present an efficient, simple, and resilient
energy harvester that uses flow generated oscillations in response to ambient flow and fluidstructure interaction of flexibly mounted piezoelectric eel (pivoted mechanism) with inverted
c-shape cylinder. Research objectives are to study the effect of spring stiffness and Gz (Gap
along z-axis) on energy harvesting with varying Velocity. It was concluded from the research
that by increasing the spring stiffness Ks i.e., 0.005-0.07 N/mm, velocity from 0.18m/s to
0.36m/s at Gz = 6 results in highest frequency of 0.0887Hz, amplitude to length ratio of
1.4361, and maximum amount of output power 9.25uW.Minimum values were obtained at
bottom level of flow at Gz = 10, lower spring stiffness i.e., Ks=0.005 N/mm and lowest flow
velocity of 0.18 m/s. While comparing the results with previous studies i.e., Circular, and
inverted c-shape cylinder with mechanism of non-pivoted flag, significant amount of
increment is observed in flapping frequency, amplitude to length ratio and output power
which is 5.47%, 34.13% and 61.12% respectively.</subfield>
  </datafield>
  <datafield tag="650" ind1=" " ind2=" ">
    <subfield code="a">MS Mechanical Engineering      </subfield>
    <subfield code="9">119495</subfield>
  </datafield>
  <datafield tag="700" ind1=" " ind2=" ">
    <subfield code="a">Supervisor : Dr. Izhar Ullah</subfield>
    <subfield code="9">120901</subfield>
  </datafield>
  <datafield tag="856" ind1=" " ind2=" ">
    <subfield code="u">http://10.250.8.41:8080/xmlui/handle/123456789/31762</subfield>
  </datafield>
  <datafield tag="942" ind1=" " ind2=" ">
    <subfield code="2">ddc</subfield>
    <subfield code="c">THE</subfield>
  </datafield>
  <datafield tag="999" ind1=" " ind2=" ">
    <subfield code="c">607931</subfield>
    <subfield code="d">607931</subfield>
  </datafield>
  <datafield tag="952" ind1=" " ind2=" ">
    <subfield code="0">0</subfield>
    <subfield code="1">0</subfield>
    <subfield code="4">0</subfield>
    <subfield code="7">0</subfield>
    <subfield code="a">SMME</subfield>
    <subfield code="b">SMME</subfield>
    <subfield code="c">EB</subfield>
    <subfield code="d">2024-02-20</subfield>
    <subfield code="l">0</subfield>
    <subfield code="o">621</subfield>
    <subfield code="p">SMME-TH-800</subfield>
    <subfield code="r">2024-02-20</subfield>
    <subfield code="w">2024-02-20</subfield>
    <subfield code="y">THE</subfield>
  </datafield>
</record>
